000 00721nam a2200289Ia 4500
005 20260324113108.0
008 008 260324s9999 xx 000 0 eng d
020 _a9781003505754
037 _aEBOOK
040 _aCRL
040 _beng
040 _cCRL
041 _2eng
041 _aeng
084 _qCRL
100 _aVishal Jain; Amit Mittal
_91145391
245 0 _aManagement for Sustainable Development
245 0 _bIntegrating Social, Economic, and Environmental Goals
260 _bTaylor and Francis
260 _c2024
365 _a
365 _b355
856 _uhttp://www.taylorfrancis.com/books/9781003505754
942 _cEBOOK
999 _c1734870
_d1734870